| 000 | 00838cab a2200265 4500 | ||
|---|---|---|---|
| 001 | ABS54262 | ||
| 008 | 090401t1996 xxu||||| |||| 00| 0 eng d | ||
| 035 | _a(Sirsi) u9374 | ||
| 041 | _aeng | ||
| 245 | _aCost model: office refurbishment | ||
| 260 | _c1996 | ||
| 350 | _a0 | ||
| 490 |
_aProcurement _vFebruary 1996, 13-18(7) |
||
| 520 | _aA cost model of a refurbished five-storey office block looking at design, investment appraisal, procurement routes and a detailed breakdown of costs. | ||
| 650 | _a1960S OFFICE BUILDINGS | ||
| 650 | _aCOST MODELS | ||
| 650 | _aCOSTS | ||
| 650 | _aFEASIBILITY | ||
| 650 | _aINVESTMENT APPRAISAL | ||
| 650 | _aOFFICE BUILDINGS | ||
| 650 | _aBUILT ENVIRONMENT-BUILDING MAINTENANCE AND REFURBISHMENT | ||
| 690 | _aBUILT ENVIRONMENT-BUILDING COSTS | ||
| 942 | _n0 | ||
| 948 | _c04/03/1997 | ||
| 999 |
_c5846 _d5846 |
||